| 000 | 00561cam a22001577a 4500 | ||
|---|---|---|---|
| 008 | 180718b2012 xxu||||| |||| 00| 0 eng d | ||
| 020 | _a9788192043708 | ||
| 082 | _aO91x54151 Ar69c | ||
| 245 |
_aClimate change in Sikkim : patterns, impacts and initiatives _cedited by M.L. Arrawatia and Sandeep Tambe |
||
| 260 |
_aGangtok _bInformation and public relations department _c2012 |
||
| 300 | _a424p. | ||
| 650 | _aSustainable biodiversity - India - Sikkim | ||
| 650 | _aClimatic changes -- India - Sikkim | ||
| 700 | _aTambe, Sandeep | ||
| 700 | _aArrawatia, M.L. | ||
| 999 |
_c444359 _d444359 |
||